Statistiques concernant Anciens Noms de Pays

Cliquez ici pour prendre le quiz!

Statistiques générales

  • Ce quiz a été pris 76 fois
    (64 depuis la dernière actualisation)
  • Le résultat moyen est 12 sur 36

Statistiques - réponses

PaysContexteRéponse% Correct
République Démocratique du CongoÉtat indépendantCongo Belge (1908-1960) / Zaïre (1971-1997)
81%
MyanmarÉtat indépendantBirmanie
80%
EswatiniProtectorat Britannique / État indépendantProtectorat du Swaziland (1881-1968) / Royaume du Swaziland (1968-2018)
78%
BangladeshProvince du PakistanPakistan Oriental (1955-1971) / Bengale Oriental (1947-1955)
69%
Burkina FasoColonie Française / État indépendantHaute-Volta (1919-1932 et 1947-1958) / République de Haute-Volta (1958-1984)
61%
Sri LankaÉtat indépendant / ColonieRoyaume de Tambapanni / Taprobane / Serendip / Ceylan
52%
ZimbabweColonie BritanniqueRhodésie du Sud (1923-1980)
48%
ThaïlandeÉtat indépendantSiam (1350-1939)
48%
ZambieProtectorat BritanniqueRhodésie du Nord (1911-1964)
46%
BéninColonie Française / État indépendantRoyaume du Dahomey (?-1894) / Colonie du Dahomey (1894-1958) / République du Dahomey (1958-1975)
46%
Guinée ÉquatorialeColonie EspagnoleGuinée Espagnole (1926-1968)
37%
Guinée-BissauColonie PortugaiseGuinée Portugaise (1474-1974)
37%
TaïwanColonieFormose
35%
GhanaColonie BritanniqueCôte-de-l'Or (1821-1957)
33%
GuyanaColonie BritanniqueGuyane Britannique (1831-1966)
31%
CambodgeÉtat indépendantRépublique Khmère (1970-1975) / Kampuchéa Démocratique (1975-1979) / République Populaire du Kampuchéa (1979-1993)
31%
SurinameColonie NéerlandaiseGuyane Néerlandaise (?-1796 et 1816-1975)
30%
KiribatiColonie BritanniqueÎles Gilbert (1820-1979)
30%
BotswanaProtectorat BritanniqueProtectorat du Bechuanaland (1885-1966)
28%
MaliColonie FrançaiseSoudan Français (1890-1899 et 1921-1958)
28%
GuinéeColonie FrançaiseGuinée Française (1891-1958)
26%
TogoColonie Allemande / FrançaiseTogoland (1884-1916) / Togo Français (1916-1960)
26%
DjiboutiColonie FrançaiseCôte Française des Somalis (1896-1967) / Territoire Français des Afars et des Issas (1967-1977)
24%
IndonésieColonie NéerlandaiseIndes Orientales Néerlandaises (1800-1949)
22%
MalawiProtectorat BritanniqueNyassaland (1907-1964)
22%
VanuatuColonie Franco-Britannique (condominium)Nouvelles-Hébrides (1906-1980)
19%
NamibieColonie Allemande / BritanniqueSud-Ouest Africain (Allemand) (1880-1968)
19%
IrakMandat Britannique de la SdNMésopotamie (1920-1932)
17%
Timor OrientalColonie PortugaiseTimor Portugais (1596-1975)
17%
Émirats Arabes UnisProtectorat BritanniqueÉtats de la Trêve (1820-1971)
15%
JordanieProtectorat BritanniqueÉmirat de Transjordanie (1921-1946)
11%
TuvaluColonie BritanniqueÎles Ellice (1819-1975)
11%
KenyaProtectorat BritanniqueAfrique Orientale Britannique (1895-1920)
9%
Viêt NamProtectorat ChinoisAnnam (618-939)
7%
MadagascarÀ la découverte portugaiseÎle Saint-Laurent
7%
TongaÀ la découverte par James Cook en 1773Îles des Amis
7%

Distribution des résultats

Percentile par nombre de réponses

% des personnes avec chaque résultat

Votre développement - résultats

Vous n’avez pas pris ce quiz depuis la dernière actualisation